000 00607nam a2200181Ia 4500
008 100920s9999 xx 000 0 und d
082 _b92981
_a520 न 05
100 _aउगावकर राम.
245 _aसदाबहार वृध्दत्व.
260 _bवसंत बुक स्टॉल, दादर, मुंबई 28.
_c2005
300 _a144
_bसाधी
365 _b130
520 _aशाअ.
630 _aसदाबहार वृध्दत्व.
650 _aशाअ.
730 _aसदाबहार वृध्दत्व.
942 _cBOOK
999 _c733424
_d733421